Tilastot visalle Suomi 100

Klikkaa tästä pelataksesi tätä visaa!

Yleistilastot

  • Tätä visaa on pelattu 1 612 kertaa
  • Keskiarvotulos 53 / 100

Vastaustilastot

Suomi 100Vastaus% Oikein
Suomen itsenäistymisvuosi1917
99%
Itsenäisen Suomen pääkaupunkiHelsinki
99%
Suomi itsenäistyi tästä valtiostaVenäjä
98%
Suomen itsenäisyyspäivä6.12
97%
Ruotsi
94%
Ensimmäinen naispresidenttiTarja Halonen
92%
Valuutta ennen euroaSuomen Markka
91%
Suomen viralliset kieletSuomi
91%
Suomen kansalliseläin onKarhu
90%
Suomen kansalliseepos onKalevala
89%
Suomen kansallislintu onLaulujoutsen
89%
Sota, joka käytiin 1939-1940Talvisota
89%
Suomen kansallispuu onHieskoivu
88%
Suomen kansalliskala onAhven
87%
Suomen kansallissäveltäjäJean Sibelius
87%
Suomen kansallislaulu onMaamme
87%
Suomen pitkäaikaisin presidenttiUrho Kekkonen
87%
Viralliset vähemmistökieletSaame
86%
Suomen kansallissoitin onKantele
85%
Punaiset
84%
Suomen merkittävin lastenkirjailija ja ennenkaikkea kuvittajaRudolf Koivu
84%
Muumien luojaTove Jansson
84%
Nobelin Rauhanpalkinnon voittanut presidenttiMartti Ahtisaari
83%
Sisällissodan osapuoletValkoiset
83%
Sota, joka käytiin 1941-1944Jatkosota
80%
Maa, jota vastaan sodittiinNeuvostoliitto
80%
Suomen sisällissota käytiin vuonna1918
78%
Suomi liittyi Euroopan Unioniin1995
77%
Suomen kansalliskukka onKielo
77%
Suomen kirjakielen "luoja"Mikael Agricola
77%
Vuosi jolloin Helsingissä oli Olympialaiset1952
75%
Suomen puolustusvoimien komentaja tuolloinC.G. Mannerheim
75%
^säveltäjän syntymäpaikkaHampuri, Saksa
75%
Suomi liittyi Euroopan yhteisvaluutta Euroon1999
74%
^ Säveltämä Suomen epävirallinen "hymni"Finlandia
74%
Suomen ensimmäinen presidenttiK.J. Ståhlberg
74%
Suomen ensimmäinen EuroviisuvoittajaLordi
74%
Maailman paras mäkihyppääjäMatti Nykänen
74%
Suomen kuningas (joka kieltäytyi kruunusta) valittiin tästä maastaSaksa
74%
Finlandia-talon suunnittelijaAlvar Aalto
72%
Suomen tunnetuin karamellitehtailijaKarl Fazer
67%
Suomen kansalliskivi onGraniitti
66%
Suomen kansalliskirjailijaAleksis Kivi
65%
^sen kokoajaElias Lönnrot
65%
Suomen kansainvälisesti tunnetuin jalkapalloilija (Ajax etc.)Jari Litmanen
63%
Suomen kansallisrunoilija onJohan Ludvig Runeberg
63%
Kestävyysjuoksija ja yhdeksänkertainen OlympiavoittajaPaavo Nurmi
63%
Suomen kansalliskoiraSuomenpystykorva
62%
Kirjoitti "Tuntemattoman Sotilaan"Väinö Linna
60%
Kirjoitti mm."Sinuhe Egyptiläinen"ja "Tanssi yli hautojen"Mika Waltari
57%
Puolustusvoimien kunniamarssiPorilaisten marssi
54%
Taidemaalari tunnettu Kalevala-aiheisista kuvituksistaan ja maalauksistaanAkseli Gallen-Kallela
51%
Kirjoitti mm."Työmiehen vaimo","Hanna" ja"Papin perhe"Minna Canth
50%
Vapaussota
45%
Kansainvälisesti "Finnish Flash":nä tunnettu urheilijaTeemu Selänne
43%
Miss Universum-voittaja 1952Armi Kuusela
40%
^sen säveltäjä onFredrik Pacius
40%
Hiihtäjä ja Olympia-voittaja, joka tunnetaan myös lempinimellä "Äitee"Siiri Rantanen
40%
Ensimmäinen naispääministeriAnneli Jäätteenmäki
37%
Suomen ainoa Nobelin kirjallisuuspalkinnon saajaF.E.Sillanpää
37%
Ensimmäinen suomalainen naisministeriMiina Sillanpää
37%
Romanikieli
36%
Suomen kansainvälisesti tunnetuin elokuvaohjaaja, tunnettu mm."Mies vailla menneisyyttä"Aki Kaurismäki
35%
Kehitti Linux-käyttöjärjestelmänLinus Torvalds
35%
Kemian Nobel-palkinnon saaja 1945A.I.Virtanen
33%
Marimekon luojaArmi Ratia
32%
Veljessota
32%
Sisällissodasta on käytetty myös nimiä (mm.)Kansalaissota
31%
Lasitaiteilija tunnettu "linnuistaan"Oiva Toikka
31%
Elokuvaohjaaja, joka tunnetaan alkuperäisestä "Tuntematon sotilas"-elokuvastaEdvin Laine
30%
2.Perintöprinsessa Miss Universum-kisoissa 1996Lola Odusoga
30%
Punakapina
30%
Karjala
28%
Ensimmäinen pääministeriPer Evind Svinhufvud
28%
"Suomen kuninkaan" nimiFriedrich Karl
27%
Suomen kansallispyhimys onPiispa Henrik
26%
Kirjoitti mm."Välskärin kertomuksia" ja "Varpunen jouluaamuna"Sakari Topelius
26%
Miss Universum-voittaja 1975Anne Pohtamo
25%
Arkkiatri, lastenlääkäri ja neuvolalaitoksen perustajaArvo Ylppö
25%
Suomen kansallisfilosofiJ.V. Snellman
24%
Suomen viittomakieli
24%
Helsingin Kansallismuseon suunnittelijatEliel Saarinen
23%
Luokkasota
22%
"Gateway Arch":in (St.Louis, Missouri) suunnittelijaEero Saarinen
21%
Kapina
18%
Suomen merkittävimpiä taidemaalareita, tunnettu mm. teoksistaan "Kuningatar Blanca" ja "Luxembourgin puistossa"Albert Edelfelt
17%
Suomen kansainvälisesti tunnetuin (ja kallein) taidemaalari, tunnettu omakuvistaanHelene Schjerfbeck
17%
Muotoilija la lasitaiteilija tunnettu mm.Ultima Thule-lasisarjastaan ja Kantarelli-maljakostaanTapio Wirkkala
15%
Suomen ensimmäinen kansainvälinen oopperatähtiAino Ackté
13%
Suomen kansainvälisesti tunnetuin lasi-ja keramiikkataiteilija, tunnettu mm.Arabian Kilta-astioista ja Kaartio-laseistaKaj Franck
13%
Suomen kansallisperhonen onPaatsamasinisiipi
13%
Lasitaiteilija ja muotoilija tunnettu mm.Festivo-kynttilänjaloistaanTimo Sarpaneva
13%
Vallankumous
13%
Suomen tunnetuin nykysäveltäjä, tunnettu mm. teoksistaan "Kaukainen rakkaus" ja"Adriana Mater"Kaija Saariaho
11%
Naparetkeilijä, joka ensimmäisenä purjehti läpi KoillisväylänA.E.Nordenskiöld
10%
Armas Lindgren
9%
Suomenruotsalainen runoilija ja kansainvälisesti tunnetuin suomalainen runoilijaEdith Södergran
9%
Torpparikapina
9%
Perusti Diakonissalaitoksen ja lahjoitti Hakasalmen huvilan HelsingilleAurora Karamzin
8%
Herman Gesellius
7%

Tulosjakauma

Persentiili vastausten määrän mukaan

Jokaisen tuloksen saaneiden osuus

Tuloshistoriasi

Et ole pelannut tätä visaa